MARC

LEADER 00000nam0a2200000 4500
001 63814
005 20231031065007.0
035 |a (RuTPU)RU\TPU\book\67715 
090 |a 63814 
100 |a 20040520d1985 k y0rusy50 ca 
101 0 |a rus 
102 |a RU 
105 |a a z 001zy 
200 1 |a Промышленная радиационная интроскопия  |f В. В. Клюев, Б. И. Леонов, Ф. Р. Соснин и др. 
210 |a Москва  |c Энергоатомиздат  |d 1985 
215 |a 136 с.  |c ил. 
320 |a Библиогр.: с. 133-136. 
610 1 |a радиационная интроскопия 
610 1 |a телевизионные системы 
610 1 |a радиоскопия 
610 1 |a промышленность 
610 1 |a преобразователи изображений 
675 |a 620.179.152  |v 3 
701 1 |a Клюев  |b В. В.  |g Владимир Владимирович 
701 1 |a Леонов  |b Б. И.  |g Борис Иванович 
701 1 |a Соснин  |b Ф. Р.  |g Феликс Рубенович 
701 1 |a Гусев  |b Е. А.  |g Евгений Александрович 
701 1 |a Кронгауз  |b А. Н.  |g Александр Натанович 
801 1 |a RU  |b 63413507  |c 20040520  |g PSBO 
801 2 |a RU  |b 63413507  |c 20100618  |g PSBO 
900 |a Радиационный контроль и диагностика 
942 |c BK